Derecho marítimo /

Uloženo v:
Podrobná bibliografie
Hlavní autor: Hernández Izal, Santiago (autor)
Médium: Kniha
Jazyk:španělština
Témata:
Tagy: Přidat tag
Žádné tagy, Buďte první, kdo vytvoří štítek k tomuto záznamu!

MARC

LEADER 00000nam^a2200000^a^4500
001 000159310
005 20250521000000.0
009 20260310100644.907
020 |a 84-7698-340-9 
037 |a Acervo ITESO - Biblioteca 
041 |a ESP 
082 |a 341. 7566  |b HER 
100 |a Hernández Izal, Santiago  |e (autor) 
245 1 0 |a Derecho marítimo /  |c S. Hernández Izal. 
264 |a Barcelona, España :  |b Bosch ,  |c 1984-1995 
300 |a 6 v. 
336 |a texto  |b txt  |2 rdacontenido 
337 |a sin mediación  |b n  |2 rdamedio 
338 |a volumen  |b nc  |2 rdasoporte 
649 |a XX 
650 |a Barcos -  |x Seguridad 
650 |a Transporte Marítimo 
650 |a Derecho Marítimo 
650 |a Derecho Marítimo -  |z España 
650 |a Derecho Mercantil 
650 |a Derecho Mercantil -  |z España 
650 |a Derecho Internacional 
650 |a Derecho Positivo 
650 |a Sociología 
910 |a Fondo General 
920 |a Impresos - Libros 
930 |a Colección General 
905 |a 101 
901 |a 0500090702  |b IT1  |c ACC  |u 20250521 
901 |a 0500090705  |b IT1  |c ACC  |u 20250521 
901 |a 0500091013  |b IT1  |c ACC  |u 20250521 
901 |a 0500090961  |b IT1  |c ACC  |u 20250521 
901 |a 0500091019  |b IT1  |c ACC  |u 20250521 
901 |a 0500091016  |b IT1  |c ACC  |u 20250521 
902 |a https://opac.biblio.iteso.mx/vufind/Record/000159310